Statistiken für Top 15 Länder mit Covid-19-Todesfällen - 5. Juli

Klicken Sie hier um das Quiz zu spielen!

Allgemein

  • Dieses Quiz wurde 8 mal gespielt
  • Das Durchschnittsergebnis liegt bei 14 aus 19

Antwortstatistiken

Land% Korrekt
Brasilien
100%
Deutschland
100%
Frankreich
100%
Russland
100%
Spanien
100%
Vereinigte Staaten
100%
Indien
88%
Italien
88%
Iran
75%
Mexiko
75%
Vereinigtes Königreich
75%
Belgien
63%
Kanada
63%
Schweden
63%
Chile
50%
Ecuador
50%
Niederlande
50%
Peru
50%
Irland
38%

Verteilung der Resultate

Perzentil nach korrekt beantworteten Fragen

Anzahl Personen mit jedem Resultat

Ihre Resultats-Entwicklung

Sie haben dieses Quiz noch nicht gespielt